Public administration (Record no. 126688)
[ view plain ]
| 000 -LEADER | |
|---|---|
| fixed length control field | 00712nam a22002537a 4500 |
| 005 - DATE AND TIME OF LATEST TRANSACTION | |
| control field | 20170124110013.0 |
| 010 ## - LIBRARY OF CONGRESS CONTROL NUMBER | |
| LC control number | 201356 |
| 020 ## - INTERNATIONAL STANDARD BOOK NUMBER | |
| Terms of availability | 00.00 |
| 035 ## - SYSTEM CONTROL NUMBER | |
| System control number | 201356 |
| 037 ## - SOURCE OF ACQUISITION | |
| Source of stock number/acquisition | Cen Lib/Ret |
| 040 ## - CATALOGING SOURCE | |
| Original cataloging agency | DPL |
| Language of cataloging | EN |
| 082 ## - DEWEY DECIMAL CLASSIFICATION NUMBER | |
| Classification number | 351 |
| Item number | PFI |
| 100 ## - MAIN ENTRY--PERSONAL NAME | |
| Personal name | Pfiffner, John M. |
| 9 (RLIN) | 18189 |
| 245 ## - TITLE STATEMENT | |
| Title | Public administration |
| Statement of responsibility, etc | by John M.Pfiffner [and] Robert V. Presthus |
| 250 ## - EDITION STATEMENT | |
| Edition statement | 4th ed. |
| 260 ## - PUBLICATION, DISTRIBUTION, ETC. (IMPRINT) | |
| Place of publication, distribution, etc | New York |
| Name of publisher, distributor, etc | Ronald Press |
| Date of publication, distribution, etc | 1960 |
| 270 ## - ADDRESS | |
| Address | New York |
| City | New York |
| 300 ## - PHYSICAL DESCRIPTION | |
| Extent | 570p. |
| Dimensions | 20cm(Hb) |
| 500 ## - GENERAL NOTE | |
| General note | Includes index |
| 650 ## - SUBJECT ADDED ENTRY--TOPICAL TERM | |
| Topical term or geographic name as entry element | Political Science |
| 9 (RLIN) | 101909 |
| 650 ## - SUBJECT ADDED ENTRY--TOPICAL TERM | |
| Topical term or geographic name as entry element | Personal Administration |
| 9 (RLIN) | 18191 |
| 700 ## - ADDED ENTRY--PERSONAL NAME | |
| Personal name | Presthus, Robert V. |
| 9 (RLIN) | 101910 |
| 942 ## - ADDED ENTRY ELEMENTS (KOHA) | |
| Source of classification or shelving scheme | Dewey Decimal Classification |
| Koha item type | English Books |
| Classification part | 351 |
| Call number suffix | PFI |
| Withdrawn status | Lost status | Damaged status | Not for loan | Home library | Current library | Date acquired | Source of acquisition | Cost, normal purchase price | Total Checkouts | Full call number | Barcode | Date last seen | Date checked out | Copy number | Cost, replacement price | Price effective from | Koha item type |
|---|---|---|---|---|---|---|---|---|---|---|---|---|---|---|---|---|---|
| Central Library | Central Library | 26/06/2015 | Cen Lib/Ret | 0.00 | 1 | 351 PFI | 201356 | 21/02/2024 | 07/02/2024 | 1 | 0.00 | 26/06/2015 | English Books |
